Score 0/20 Timer 05:00
1 Play Today
Title Missing % Correct
HenryWrath
97.4%
HenryAngry
91.8%
BridgetLake
91.5%
HenryWest
91.2%
JaneDick
90.7%
JaneNine
87.5%
BridgetWhite
84.1%
BridgetHappen
77.8%
PeterYuma
77.7%
BridgetPoint
75.8%
Title Missing % Correct
JanePark
73.2%
JaneMonster
70.3%
PeterEasy
67.5%
HenryClementine
61.5%
JaneHorses
60.9%
HenryBoston
58.7%
PeterRider
55.2%
PeterLarry
35%
BridgetLittle
18.9%
PeterMovie
4.4%

Today's Daily Dose

Missing Word
'T' Pairs

Word Ladder
Game Pieces

Get the Picture
Baseball Movies

Remove Ads.
Support Sporcle.
Get the best of Sporcle when you Go Orange. This ad-free experience offers more features, more stats, and more fun while also helping to support Sporcle. Thank you for becoming a member.

You're not logged in!

Compare scores with friends on all Sporcle quizzes.
OR
Log In

Show Comments

Extras

Top Quizzes Today


Score Distribution

Your Account Isn't Verified!

In order to create a playlist on Sporcle, you need to verify the email address you used during registration. Go to your Sporcle Settings to finish the process.

Report this User

Report this user for behavior that violates our Community Guidelines.

Details: